| 000 | 01004 a2200217 4500 | ||
|---|---|---|---|
| 003 | Nust | ||
| 005 | 20221123144023.0 | ||
| 010 | _a 91024595 | ||
| 020 | _a0070118116 | ||
| 040 | _cNust | ||
| 082 | 0 | 0 | _a621.3813,COL |
| 100 | 1 |
_aCollin, Robert E. _9616 |
|
| 245 | 1 | 0 |
_aFoundations for microwave engineering / _cRobert E. Collin. |
| 250 | _a2nd ed. | ||
| 260 |
_aNew York : _bMcGraw-Hill, _cc1992. |
||
| 300 |
_axvii, 924 p. : _bill. ; _c25 cm. |
||
| 440 | 0 |
_aMcGraw-Hill series in electrical engineering. _920188 |
|
| 505 | _aIntroduction (Page-1), Electromagnetic Theory (Page-17), Transmission Lines and Waveguides (Page-71), Circuits Theory and Waveguide (Page-220), Impedance Transformation and Matching (Page-303), Passive Microwave Devices (Page-394), Periodic Structures and Filters (Page-550), Microwave Tubes (Page-648), Solid State Amplifiers (Page-713), Parametric Amplifiers (Page-799), Oscillators and Mixes (Page-831). | ||
| 650 | 0 | _aTelecommunication Engineering | |
| 942 |
_2ddc _cBK |
||
| 999 |
_c188498 _d188498 |
||